Korean Celeb Quiz - Statistics

General Stats
  • This quiz has been taken 275 times
    255 since last reset
  • The average score is 8 of 12
Answer Stats
Picture Answer % Correct
iu
94%
Jennie
94%
Rose
93%
Jisoo
92%
Bae Suzy
76%
Kim Tae-Ri
60%
Nam Joo-Hyuk
57%
Jung Hae-in
56%
Son Heung-Min
49%
BIBI
46%
Chae Soo-Bin
26%
Cho Gue-Sung
21%
No matching quizzes found
Score Distribution
Percent of People with Each Score
Percentile by Number Answered
Your Score History
You have not taken this quiz since the last reset